| 000 | 00427nam a22001697a 4500 | ||
|---|---|---|---|
| 003 | NUST - PNEC | ||
| 005 | 20170116180917.0 | ||
| 008 | 150904b xxu||||| |||| 00| 0 eng d | ||
| 020 | _a0471838217 | ||
| 040 | _cLIBRARY | ||
| 082 | _a620.72 GAB | ||
| 100 |
_97483 _a Gabel, Robert A |
||
| 245 |
_aSignals and linear systems _cRobert A,Gabel |
||
| 250 | _a3th ed | ||
| 650 |
_97485 _aLinear systems _xME/MIS |
||
| 942 |
_2ddc _cBK |
||
| 999 |
_c65482 _d65482 |
||